Harem; the World Behind the Veil (Record no. 10083)

MARC details
000 -LEADER
fixed length control field 00639nam a2200253 a 4500
020 ## - INTERNATIONAL STANDARD BOOK NUMBER
ISBN 1558591
082 00 - DEWEY DECIMAL CLASSIFICATION NUMBER
Classification number 305.4209561
Author Cutter CRO
100 ## - MAIN ENTRY--AUTHOR NAME
Author name Crourier, Alev Lytle
245 ## - TITLE STATEMENT
Title Harem; the World Behind the Veil
260 ## - PUBLICATION, DISTRIBUTION, ETC. (IMPRINT)
Place of publication New York
Name of publisher Abbeville Press
Year of publication 1989
300 ## - PHYSICAL DESCRIPTION
Number of Pages 224p
500 ## - GENERAL NOTE
General note includes index and biblioraphy
505 2# - FORMATTED CONTENTS NOTE
Formatted contents note Maps
650 ## - SUBJECT ADDED ENTRY--TOPICAL TERM
Topical Term Women-Turkey-Harem
650 ## - SUBJECT ADDED ENTRY--TOPICAL TERM
Topical Term Harem-Turkey
942 ## - ADDED ENTRY ELEMENTS (KOHA)
Koha item type Books
700 1# -
-- Crourier, Alev Lytle
Holdings
Collection code Home library Current library Date acquired Cost, normal purchase price Full call number Accession Number Koha item type
  Henry Martyn Institute Library Henry Martyn Institute Library 06/03/2013 900.00 305.4209561 CRO 019302 Books
                   Copyright © 2026 | Henry Martyn Institute | Hyderabad | TS-500052 | INDIA | Implemented by hmi.edu.in
Hit-Count:

Powered by Koha